000 00598cam a2200205 4500500
005 20260329002922.0
041 _afre
042 _adc
100 1 0 _aTenaillon, Nicolas
_eauthor
245 0 0 _aPhilosophie de l’insecte
260 _c2014.
500 _a19
690 _aAnimal
690 _aComportement
690 _aInsecte
690 _aJean-Marc Drouin
690 _aMathilde Lequin
786 0 _nPhilosophie magazine | 76 | 2 | 2014-02-01 | p. 65-65 | 1951-1787
856 4 1 _uhttps://shs.cairn.info/magazine-philosophie-magazine-2014-2-page-65?lang=fr&redirect-ssocas=7080
999 _c1819666
_d1819666